000 01572nam a22003857a 4500
003 CHAP
005 20220817044447.0
008 110727s2011 mx r 00010 spa d
010 _a101620
011 _a102592
035 _a113281
040 _cCHAP
090 _aTesis
100 1 _aVelázquez Martínez, Guadalupe del Carmen.
_9118567
245 1 0 _aIdentificación de trips (Thysanoptera) colectados sobre ornamentales en Emiliano Zapata, Morelos
_h[En línea]
_c/por Guadalupe del Carmen Velázquez Martínez
260 _aChapingo, Méx. :
_bEl autor,
_c2011
500 _aPara ver el contenido del material haga clic en la liga
502 _aTesis (Ing. Agr. Esp. en Parasitología Agrícola) -- UACH. Departamento de Parasitología Agrícola
590 _aALEPH
_b10
_c20130110
_lUCH01
_h1541
590 _aBATCH-UPD
_b10
_c20130110
_lUCH01
_h1352
590 _aBATCH-UPD
_b10
_c20130410
_lUCH01
_h0848
590 _aBATCH-UPD
_b10
_c20130914
_lUCH01
_h1123
590 _aBATCH-UPD
_b10
_c20140324
_lUCH01
_h1526
590 _aBATCH-UPD
_b10
_c20141002
_lUCH01
_h0849
590 _aCONVERSION
_b10
_c20130109
_lUCH01
_h1356
650 1 4 _aCultivos
_zMorelos.
_930365
650 1 4 _aFrankliniella occidentalis.
_943043
650 1 4 _aPlantas ornamentales.
650 1 4 _aTisanópteros.
_9113414
856 _3Finding aid
_uhttp://10.13.5.2/tesis/113281.pdf
_zTeclea aqui
901 _aBK
942 _cFOLL
949 _aTesis
_bBC
_cTES
_d33724002244173
_eTS2
_fc.2
_gDonaciØn
_h52474
_i113281
_st
949 _aTesis
_bBC
_cTES
_d33724002244215
_eTS1
_gDonaciØn
_h52473
_i113281
_st
999 _c101620
_d101620